[Event "Barcelona Tres Peons op 49th"]
[Site "Barcelona"]
[Date "2020.01.10"]
[Round "1"]
[White "Marcas Vila, Luis"]
[Black "Madrid Sole, Antonio"]
[Result "0-1"]
[WhiteElo "1501"]
[BlackElo "1806"]
[PlyCount "84"]
[EventDate "2020.01.10"]
[EventType "swiss"]
[EventRounds "8"]
[EventCountry "ESP"]
[SourceTitle "CBM 195 Extra"]
[Source "ChessBase"]
[SourceDate "2020.05.31"]
[SourceVersion "1"]
[SourceVersionDate "2020.05.31"]
[SourceQuality "1"]

1. e4 e6 2. d4 d5 3. Nd2 c5 4. exd5 Qxd5 5. Ngf3 cxd4 6. Bc4 Qd6 7. 0-0 Nf6 8. Nb3 Nc6 9. Nbxd4 Nxd4 10. Nxd4 a6 11. c3 Be7 12. Qf3 0-0 13. Bd3 g6 14. Bg5 Nd7 15. Bxe7 Qxe7 16. Rfe1 Nf6 17. Rad1 Bd7 18. Bc2 Rab8 19. b3 Rfc8 20. h3 Ne8 21. Bb1 Qc5 22. Rc1 Ng7 23. Qf6 Ne8 24. Qf3 Nd6 25. Qf4 Nb5 26. Nxb5 Bxb5 27. c4 Bc6 28. Be4 Bxe4 29. Qxe4 Qa3 30. Qe2 b5 31. Red1 bxc4 32. Rxc4 Rxc4 33. bxc4 Qc5 34. Rc1 Rd8 35. Kf1 Rd4 36. Ke1 Qb4+ 37. Kf1 Qc5 38. Ke1 Qf5 39. Kf1 e5 40. c5 Qf4 41. Rc2 Rb4 42. Qd1 Qh2 0-1

[Event "Barcelona La Lira op 36th"]
[Site "Barcelona"]
[Date "2018.03.02"]
[Round "7.13"]
[White "Sanchez Coves, Juan Josep"]
[Black "Marcas Vila, Luis"]
[Result "1-0"]
[WhiteElo "1533"]
[BlackElo "1547"]
[PlyCount "39"]
[EventDate "2018.01.19"]
[EventType "swiss"]
[EventRounds "8"]
[EventCountry "ESP"]
[SourceTitle "EXT 2024"]
[Source "ChessBase"]
[SourceDate "2023.10.10"]
[SourceVersion "1"]
[SourceVersionDate "2023.10.10"]
[SourceQuality "1"]

1. e4 e5 2. Nf3 Nc6 3. Bc4 Nf6 4. 0-0 Bc5 5. c3 a6 6. d4 exd4 7. e5 d5 8. exf6 dxc4 9. Re1+ Be6 10. Ng5 Qxf6 11. Nxe6 fxe6 12. Qh5+ g6 13. Qxc5 0-0-0 14. Bg5 Qf7 15. Bxd8 Rxd8 16. Qxc4 Rd5 17. Nd2 Qf4 18. Rxe6 Rf5 19. Nf3 Rf8 20. Rae1 1-0

[Event "Barcelona La Lira op 36th"]
[Site "Barcelona"]
[Date "2018.01.19"]
[Round "1.7"]
[White "Marcas Vila, Luis"]
[Black "Fabregas Fontanet, Antonio"]
[Result "0-1"]
[WhiteElo "1547"]
[BlackElo "1930"]
[PlyCount "86"]
[EventDate "2018.01.19"]
[EventType "swiss"]
[EventRounds "8"]
[EventCountry "ESP"]
[SourceTitle "EXT 2024"]
[Source "ChessBase"]
[SourceDate "2023.10.10"]
[SourceVersion "1"]
[SourceVersionDate "2023.10.10"]
[SourceQuality "1"]

1. e4 c5 2. Nc3 d6 3. g3 Nc6 4. Bg2 g6 5. d3 Bg7 6. Be3 Nf6 7. h3 0-0 8. Qd2 Rb8 9. Nge2 b5 10. 0-0 b4 11. Nd1 Qc7 12. Kh2 a5 13. Bh6 Bxh6 14. Qxh6 Ne5 15. Qd2 Nc6 16. f4 Bd7 17. f5 e5 18. fxg6 fxg6 19. Ne3 Be6 20. Ng1 Qg7 21. Nf3 Qh6 22. b3 Ng4+ 23. Nxg4 Qxd2 24. Nxd2 Nd4 25. Ne3 a4 26. Rxf8+ Rxf8 27. Rf1 Ra8 28. Nf3 axb3 29. axb3 Ra2 30. Nxd4 cxd4 31. Nc4 Rxc2 32. Rf6 Bxc4 33. dxc4 Rc3 34. Rxd6 Rxb3 35. c5 Rc3 36. c6 b3 37. Rd8+ Kg7 38. Rb8 d3 39. c7 d2 40. Rd8 b2 41. Rd7+ Kh6 42. Rxd2 b1Q 43. c8Q Rxc8 0-1

[Event "Barcelona La Lira op 35th"]
[Site "Barcelona"]
[Date "2017.02.10"]
[Round "4"]
[White "Toda Adell, Daniel"]
[Black "Marcas Vila, Luis"]
[Result "0-1"]
[WhiteElo "1630"]
[BlackElo "1699"]
[PlyCount "98"]
[EventDate "2017.01.20"]
[EventType "swiss"]
[EventRounds "8"]
[EventCountry "ESP"]
[SourceTitle "EXT 2018"]
[Source "ChessBase"]
[SourceDate "2017.10.13"]
[SourceVersion "1"]
[SourceVersionDate "2017.10.13"]
[SourceQuality "1"]

1. e4 e5 2. Nf3 Nc6 3. d4 exd4 4. Nxd4 Nf6 5. Nxc6 bxc6 6. Nc3 d5 7. exd5 Nxd5 8. Bc4 Be6 9. 0-0 Bc5 10. Ne4 Bb6 11. c3 0-0 12. Qh5 Nf6 13. Nxf6+ Qxf6 14. Bd3 g6 15. Qg5 Qg7 16. Qg3 Rad8 17. Bf4 f6 18. a4 a5 19. b4 g5 20. Bc1 c5 21. b5 c4 22. Bc2 Bd5 23. Be3 c5 24. bxc6 Bxe3 25. Qxe3 Bxc6 26. Qe6+ Qf7 27. Qxc6 Rc8 28. Qb5 Ra8 29. Qxa5 Rxa5 30. Be4 Kg7 31. Rfd1 Qe6 32. Rab1 Rf7 33. f3 f5 34. Bb7 Qe3+ 35. Kh1 Qxc3 36. Rdc1 Qd4 37. Rb4 Qd3 38. Bc6 c3 39. Bb5 Qd2 40. Rbb1 Re7 41. Rd1 Qf2 42. Rbc1 Rc7 43. h3 Qe3 44. Rc2 g4 45. fxg4 fxg4 46. Rd3 Qe1+ 47. Kh2 gxh3 48. Rg3+ Kf6 49. Rf3+ Kg5 0-1

[Event "Barcelona La Lira op 35th"]
[Site "Barcelona"]
[Date "2017.01.20"]
[Round "1"]
[White "Marcas Vila, Luis"]
[Black "Martin Arranz, Lluis"]
[Result "0-1"]
[WhiteElo "1699"]
[BlackElo "1714"]
[PlyCount "132"]
[EventDate "2017.01.20"]
[EventType "swiss"]
[EventRounds "8"]
[EventCountry "ESP"]
[SourceTitle "EXT 2018"]
[Source "ChessBase"]
[SourceDate "2017.10.13"]
[SourceVersion "1"]
[SourceVersionDate "2017.10.13"]
[SourceQuality "1"]

1. e4 e6 2. d4 d5 3. exd5 exd5 4. Bd3 Nf6 5. Nf3 Bg4 6. 0-0 Be7 7. Re1 0-0 8. h3 Bh5 9. Bf4 Nc6 10. c3 Re8 11. Nbd2 Qd7 12. Qc2 Bg6 13. Bxg6 hxg6 14. Ne5 Nxe5 15. Bxe5 Rac8 16. Nf3 c5 17. Rad1 cxd4 18. Bxd4 b6 19. Ne5 Qf5 20. Qxf5 gxf5 21. Nd3 Kf8 22. Nf4 Bd6 23. Bxf6 Rxe1+ 24. Rxe1 Bxf4 25. Be7+ Kg8 26. Rd1 Re8 27. Ba3 Rd8 28. Kf1 Bc7 29. b3 Be5 30. Bb2 b5 31. Rd2 a5 32. c4 Bxb2 33. Rxb2 dxc4 34. bxc4 bxc4 35. Rc2 Rb8 36. Ke2 Rb4 37. Ke3 g6 38. Kd4 Ra4 39. f4 Kg7 40. Kc5 c3 41. g3 Ra3 42. Kc4 Kf6 43. Kd5 Ke7 44. Ke5 f6+ 45. Kd5 Kd7 46. Kc5 Ke6 47. Kd4 Kd6 48. Kc4 Kc6 49. Re2 c2 50. Rxc2 Rxg3 51. Kd4+ Kb5 52. Rb2+ Ka4 53. Kc4 Rf3 54. Rb3 Rxf4+ 55. Kd5 Rf2 56. Ke6 Rxa2 57. Rf3 Ra3 58. Rf4+ Kb5 59. Kxf6 Rg3 60. h4 a4 61. Rf1 a3 62. Rb1+ Ka4 63. Ra1 Kb3 64. Rb1+ Kc2 65. Ra1 Kb2 66. Re1 Rg2 0-1